10 największych województw w Polsce (powierzchnia) - Statystyki

Ogólne statystyki
  • Ten quiz został rozwiązany 127 razy
  • Średni wynik to 9 z 10
Statystyki odpowiedzi
Powierzchnia Województwo % Poprawnych
35 558 mazowieckie
100%
29 826 wielkopolskie
94%
25 122 lubelskie
89%
18 310 pomorskie
88%
22 892 zachodniopomorskie
88%
19 947 dolnośląskie
85%
24 173 warmińsko-mazurskie
82%
20 187 podlaskie
80%
18 219 łódzkie
77%
17 972 kujawsko-pomorskie
72%
Nie znaleziono quizów pasujących do podanych kryteriów
Rozkład punktacji
Procent ludzi z każdym wynikiem
Percentyl według liczby udzielonych odpowiedzi
Twoja historia wyników
Nie rozwiązałeś tego quizu